Missing Word: Historical Films Quiz Stats

 Plays Quiz Updated Dec 9, 2018

Support Sporcle.
Go Orange.
Score 0/20 Timer 04:00
1 Play Today
Hint Historical Film % Correct
Gone _____ the WindWith
99.1%
Gangs of New _____York
95.5%
Chariots of _____Fire
94.4%
Black _____ DownHawk
94.3%
_____ Years a Slave12
93.7%
_____ Harbor Pearl
92.8%
The _____ Samurai Last
92%
The _____ on the River KwaiBridge
91.6%
Flags of _____ FathersOur
90.8%
The Thin _____ LineRed
88.1%
Hint Historical Film % Correct
_____ RwandaHotel
88%
The King's _____Speech
85.8%
Zero _____ ThirtyDark
83.8%
Hacksaw _____Ridge
83%
Das _____Boot
81.1%
The Last King of _____Scotland
79.4%
_____ of a GeishaMemoirs
74.4%
The Lion in _____Winter
65.1%
Kingdom of _____Heaven
61.4%
Bridge of _____Spies
51.5%

Today's Daily Dose

Missing Word
50 Cent Songs

Word Ladder
Close Gunshot

Quick Pick
Pop Punk Bands

Get the Picture
An 'S' in Disney

From the Vault

African Countries by Borders

by Treverbeast454

Geography 13m
Hopefully you know your African countries well!
Remove Ads.
Support Sporcle.
Get the best of Sporcle when you Go Orange. This ad-free experience offers more features, more stats, and more fun while also helping to support Sporcle. Thank you for becoming a member.

Show Comments

Extras

Top Quizzes Today


Score Distribution

Your Account Isn't Verified!

In order to create a playlist on Sporcle, you need to verify the email address you used during registration. Go to your Sporcle Settings to finish the process.

Report this User

Report this user for behavior that violates our Community Guidelines.

Details: